| 000 | 00475nam a22001577a 4500 | ||
|---|---|---|---|
| 082 | _aT-161 | ||
| 100 |
_aFatima Masood Ali _948555 |
||
| 245 | _aAnalysis of Role of Media in Disaster Reporting (Case-Study 2005 Earthquake and Flood 2010) | ||
| 260 |
_aRisalpur Cantt _bMCE _cc2014 |
||
| 300 | _aP 80 | ||
| 526 |
_a0 _b0 _c0 _dT_161 |
||
| 650 |
_aThesis _934811 |
||
| 700 |
_aDisaster Management _948556 |
||
| 700 |
_aDr. Muhammad Jawed Iqbal, major _948557 |
||
| 942 |
_2ddc _cBK |
||
| 999 |
_c551452 _d551452 |
||